000 00336nam a2200121Ia 4500
005 20251222144756.0
008 251222s9999||||xx |||||||||||||| ||spa||
082 _a070.196/D31/T.2
100 _aDávila Chota, Edgar
245 0 _aPeriodismo Escrito
264 _bFondo Editorial Escuela de Periodismo Jaime Bausate y Meza
942 _cLIB
999 _c19518
_d19518